| 000 | 01128nam a22001817a 4500 | ||
|---|---|---|---|
| 003 | NALT | ||
| 005 | 20250318095126.0 | ||
| 008 | s2556 th ||||| |||| 00| 0 tha d | ||
| 040 | _aNALT | ||
| 050 |
_aJQ 1746.Z13.E9 _bจ141ค 2556 |
||
| 100 | 0 |
_aจตุรภัทรฒ์ จันทรัตน์ _943432 |
|
| 245 | 1 | 0 |
_aความคิดเห็นของข้าราชการต่อการปฏิบัติงานของฝ่ายบริหาร สำนักงานเลขาธิการสภาผู้แทนราษฎร : _bOffcial's Opinion toward Division of Executive Management in The Secretariat of The House of Representatives / _cจตุรภัทรฒ์ จันทรัตน์. |
| 260 |
_aกรุงเทพฯ : _bมหาวิทยาลัยเกษตรศาสตร์, _c2556. |
||
| 300 |
_a148 หน้า : _bตาราง ; _c30 ซม. |
||
| 610 | 2 | 4 |
_aสำนักงานเลขาธิการสภาผู้แทนราษฎร _xผู้บริหาร _943433 |
| 850 | _aNALT | ||
| 942 |
_cRSH _2lcc |
||
| 999 |
_c68902 _d68902 |
||
| 998 |
_j104 _k นางสาวสายฝน ดีงาม |
||